GOOD news for modern man : the new testament in today’s English version
Saved in:
| Main Author: | |
|---|---|
| Format: | Book |
| Language: | English |
| Published: |
American Bible Society
1971
|
| Tags: |
Add Tag
No Tags, Be the first to tag this record!
|
MARC
| LEADER | 00000nam a22000007a 4500 | ||
|---|---|---|---|
| 008 | 201217b ||||| |||| 00| 0 eng d | ||
| 100 | |a American Bible Society | ||
| 245 | |a GOOD news for modern man |b : the new testament in today’s English version |c American Bible Society |g vi, 658p.; ill. | ||
| 250 | |b 3rd ed. | ||
| 260 | |b American Bible Society |c 1971 |h New York |i 693768 |l BS2095 .Am3 |m Bible | ||
| 500 | |a It includes index | ||
| 942 | |a lcc |c BK |e Kuteyi, M. A. |f 17/12/2020 | ||
| 952 | |0 0 |1 0 |2 lcc |4 0 |6 BS2095 A M3 |7 0 |9 675 |a HOL |b HOL |c AF |d 2020-12-17 |l 0 |o BS2095 .Am3 |p 2020-22992 |r 2020-12-17 00:00:00 |w 2020-12-17 |y BK | ||
| 999 | |c 376 |d 376 | ||